|
|
|
|
| LEADER |
00972nam a22002652aa4500 |
| 001 |
001855883 |
| 003 |
CZ BrMZK |
| 005 |
20230428103348.0 |
| 007 |
ta |
| 008 |
230421s1912 gw er|||||||||||ger d |
| 040 |
|
|
|a ABA001
|b cze
|c ABA001
|d BOA001
|
| 044 |
|
|
|a gw
|a au
|
| 100 |
1 |
|
|a Freiligrath, Ferdinand,
|d 1810-1876
|7 jn20000601624
|4 aut
|
| 245 |
1 |
0 |
|a Freiligraths Werke /
|c herausgegeben von Paul Zaunert
|
| 250 |
|
|
|a Kritisch durchgesehene und erläuterte Ausgabe
|
| 260 |
|
|
|a Leipzig ;
|a Wien :
|b Bibliographisches Institut,
|c 1912
|
| 300 |
|
|
|a 2 sv. (422; 522 s) ;
|c 8°
|
| 490 |
0 |
|
|a Meyers Klassiker-Ausgaben
|
| 830 |
|
0 |
|a Meyers Klassiker-Ausgaben
|
| 910 |
|
|
|a BOA001
|b 1-0227.520
|s 1-2
|
| 990 |
|
|
|a BK
|
| 993 |
|
|
|a Y
|
| 991 |
|
|
|b 202304
|
| 996 |
6 |
|
|b BC-2409464
|c 1-0227.520
|d Bd. 1
|v 1
|l MZK
|r Sklad / do 1 hodiny
|n 0
|p dar
|w 001923027
|u 000010
|a 1
|e BOA001
|j MZK50
|s P
|
| 996 |
6 |
|
|b BC-2409465
|c 1-0227.520
|d Bd. 2
|v 2
|l MZK
|r Sklad / do 1 hodiny
|n 0
|w 001923027
|u 000020
|a 1
|e BOA001
|j MZK50
|s P
|